Guerra, drogas y política: elementos del mundo bipolar /

Guardat en:
Dades bibliogràfiques
Autor principal: Chomsky, Noam
Format: Text
Accés en línia:_
Etiquetes: Afegir etiqueta
Sense etiquetes, Sigues el primer a etiquetar aquest registre!

MARC

LEADER 00000 a a2200000 04500
001 42727
003
040
100 |a Chomsky, Noam  
245 |a Guerra, drogas y política:   |b elementos del mundo bipolar /  |c Noam Chomsky  
773 |g número146 ( , 2009), páginas 1-9  
856 |u http://www.jornada.unam.mx/   |y _   |q URL  
999 |c 32743  |d 32743